000 00639nam a2200193 i 4500
001 91453
003 ES-MaACL
005 20230906180727.0
007 t|
008 050131s1972 sp ||||1| spa d
100 1 _aLewin, Gerhard.
_972027
245 1 0 _aFundamentos de la ciencia y técnica del vacío /
_cGerhard Lewin ; versión José M. López Sancho ; revisión de José L. de Segovia.
250 _a[1ª ed.].
260 _a[Madrid] :
_bAguilar,
_c[1972]
300 _aXX, 262 p. :
_bil. ;
_c22 cm.
700 1 _aLópez Sancho, José M.
_973961
700 1 _aSegovia, José L. de.
_9105150
852 _aES-MaACL
_jC-43139
_bR.82398
999 _c91453
_d91453